| 000 | 00912nam a2200241 a 4500 | ||
|---|---|---|---|
| 001 | 41390 | ||
| 003 | BD-RjUL | ||
| 005 | 20211209053358.0 | ||
| 008 | 160529s1972 bg ||||| |||| 00| 0 ben d | ||
| 020 | _c: TK 5.00 | ||
| 035 | _a(BD-RjUL)41507 | ||
| 040 |
_aBD-RjUL _bben _cBD-RjUL |
||
| 041 | _aben | ||
| 082 |
_223 _a297.82095675 _bBAK 1972 |
||
| 100 |
_aবরকতুল্লাহ, মুহম্মদ _9117845 |
||
| 245 | 1 | 0 |
_aকারবালা ও ইমামবংশের ইতিবৃত্ত / _cমুহম্মদ বরকতুল্লাহ |
| 250 | _a২য় সং. | ||
| 260 |
_aঢাকা : _bগ্রেট ইস্ট লাইব্রেরী, _c১৯৭২ |
||
| 300 |
_a[১০], ৩০৬ পৃ. ; _c২১ সেমি. |
||
| 650 |
_aসোরিহা _xইতিহাস _9127256 |
||
| 650 |
_aSri'ha _xHistory _9127257 |
||
| 942 |
_2ddc _cBK |
||
| 999 |
_c41390 _d41390 |
||